| 000 | 00348cam a2200145ua 4500 | ||
|---|---|---|---|
| 003 | OSt | ||
| 008 | 250822b |||||||| |||| 00| 0 eng d | ||
| 041 | _aeng | ||
| 082 |
_a627.8 _bUNI/DE |
||
| 245 | _aDesign of small dams / | ||
| 250 | _a2 / | ||
| 260 |
_aNew Delhi : _bOxford & IBH Publishing company , _c1974. |
||
| 300 | _a816 ; . | ||
| 942 | _cBK | ||
| 999 |
_c1878 _d1878 |
||